Strzelcy meczu: Polska - Mołdawia (2:3) - Statystyki

Ogólne statystyki
  • Ten quiz został rozwiązany 35 razy
  • Średni wynik to 3 z 5
Statystyki odpowiedzi
Minuta Reprezentacja Piłkarz % Poprawnych
34 Polska Robert Lewandowski
100%
12 Polska Arkadiusz Milik
90%
48 Mołdawia Ion Nicolaescu
61%
79 Mołdawia Ion Nicolaescu
61%
85 Mołdawia Vladislav Baboglo
32%
Nie znaleziono quizów pasujących do podanych kryteriów
Rozkład punktacji
Procent ludzi z każdym wynikiem
Percentyl według liczby udzielonych odpowiedzi
Twoja historia wyników
Nie rozwiązałeś tego quizu